WRITING OS/2 DEVICE DRIVERS (Record no. 18846)

MARC details
000 -LEADER
fixed length control field 00451nam a22001817a 4500
005 - DATE AND TIME OF LATEST TRANSACTION
control field 20230706092853.0
008 - FIXED-LENGTH DATA ELEMENTS--GENERAL INFORMATION
fixed length control field 230706b |||||||| |||| 00| 0 eng d
020 ## - INTERNATIONAL STANDARD BOOK NUMBER
ISBN 9780201522341
082 ## - DEWEY DECIMAL CLASSIFICATION NUMBER
Classification number 005.4469
Item number WES-W
100 ## - MAIN ENTRY--AUTHOR
Author Name Westwater:Raymond
245 ## - TITLE STATEMENT
Title WRITING OS/2 DEVICE DRIVERS
260 ## - PUBLICATION, DISTRIBUTION, ETC.
Place of Publication Canada
Name of publisher, distributor, etc. Addison-Wesley
Date of publication, distribution, etc. 1989
300 ## - PHYSICAL DESCRIPTION
Pages 516
500 ## - GENERAL NOTE
General note INCLUDE INDEX
650 ## - SUBJECT ADDED ENTRY--TOPICAL TERM
Subject / Department Computer
700 ## - ADDED ENTRY--PERSONAL NAME
Personal name Raymond Westwater
952 ## - LOCATION AND ITEM INFORMATION (KOHA)
-- 0
-- 0
Holdings
Lost status Damaged status Collection code Permanent Location Current Location Shelving Location Date acquired Full Call Number Accession No./Barcode Date last seen item type Koha item type
    CS/IT Superior Information Resource Center (SIRC) Superior University- Gold Campus Superior Information Resource Center (SIRC) Superior University- Gold Campus Computer 07/06/2023 005.4469 WES-W 1989 5114 07/06/2023 BOOK BOOK

Powered by Koha